000 00742cam a2200265 a 4500
999 _c9996
_d9996
001 9996
003 BD-JhCC
005 20180404103149.0
008 180404s1993 ilua 001 0 eng
020 _a0256114250
035 _a(BD-JhCC)9996
040 _aDLC
_cDLC
_dDLC
_dBD-JhCC
041 _aeng
050 0 0 _aTA405
_b.B498 1993
082 0 0 _a620.1/1292
_220
_bBIC 1993
100 1 _aBickford, William B.
245 1 0 _aMechanics of solids :
_bconcepts and applications /
_cWilliam B. Bickford.
260 _aHomewood, IL :
_bIrwin,
_cc1993.
300 _axxi, 767, [53] p. :
_bill. ;
_c25 cm.
500 _aIncludes index.
650 0 _aStrength of materials.
650 0 _aMechanics, Applied.
942 _2ddc
_cREF